| 000 | 01329nam a2200229Ia 4500 | ||
|---|---|---|---|
| 001 | 15574 | ||
| 003 | GE_BSU | ||
| 008 | 181216s||||||||xx |||||||||||||| ||und|| | ||
| 040 | _cGE_BSU | ||
| 080 | _a821.353.1 + 821.353.1-92 + 821.353.1.09 | ||
| 100 | _aწერეთელი, ა. | ||
| 245 | _aრჩეული ნაწარმოებები 5 ტომად. მტ.4 | ||
| 245 | _bპუბლიცისტური და კრიტიკული წერილები | ||
| 245 | _cშემდგ.-რედ.: გურამ გვერდწითელი, ემზარ კვიტაიშვილი | ||
| 260 | _aთბილისი | ||
| 260 | _bსაბჭ. საქართველო | ||
| 260 | _c1988 | ||
| 300 | _a493 გვ.20სმ. | ||
| 653 | _aახირებული ფურცელი; რამოდენიმე სიტყვა "ჩანგურის" შესახებ; რამოდენიმე სიტყვა შესახებ ბ. ჯორჯაძისა; პირველი და უკანასკნელი სიტყვა "დროებისადმი" და სხვ. | ||
| 653 | _aპუბლიცისტური და კრიტიკული წერილები | ||
| 942 | _cBK | ||
| 999 |
_c48674 _d48674 |
||